01805cam a22002893i 4500001001000000003000400010005001700014008004100031020004200072040003100114050001400145100003000159245088700189250002101076260003401097300005701131336002601188337002801214338002701242504005101269650003001320650002901350650004101379700003001420700003201450700003301482911073050OSt20250625103015.0150615t20162016enka 001 0 eng d a9780323287838 (Hardcover)cUSD 127.00 aNUSTbengerdacNUSTdNUST aRC346 DAR aDaroff, Robert B.eAuthor00aBradley's neurology in clinical practice, volume II /cRobert B. Daroff, MD Professor and Chair Emeritus Department of Neurology Case Western Reserve School of Medicine University Hospitals Case Medical Centre Cleveland, OH, USA; Joseph Jankovic, MD Professor of Neurology Distinguished Chair in Movement Disorders, Director of Parkinson's Disease Center and Movement Disorder Clinic, Department of Neurology, Baylor College of Medicine; John C. Mazziotta, MD, PhD Vice Chancellor of UCLA Health Sciences, Dean David Geffen School of Medicine ,CEO UCLA Health, University of California, Los Angeles, Los Los Angels, CA, USA; Scott L. Pomeroy, MD, PhD Bronson Crothers Professor of Neurology, Director, Intellectual and Developmental Disabilities Research Center, Harvard Medical School, Chair, Department of Neurology Neurologist-in- Chief Boston Children's Hospital, Boston, MA,USA aSeventh edition. aLondon : bElsevier,c©2016. a2 volumes :billustrations (chiefly color) ;c29 cm. atextbtxt2rdacontent aunmediatedbn2rdamedia avolumebnc2rdacarrier aIncludes bibliographical references and index. 0aNervous systemxDiseases. 2aNervous System Diseases. 2aDiagnostic Techniques, Neurological.1 aJankovic, Joseph,eAuthor1 aMazziotta, John C.,eAuthor1 aPomeroy, Scott LoreneAuthor